00597nam a2200205 a 4500001001300000003000900013005001700022008004100039020001000080082001500090100001700105245008100122260004900203300000900252500003500261505002400296650003300320650002100353700001700374nice12345678IN_TiNIC20260116011424.0050524s1961 newa grp 000 0 eng  ac28800a281.8bJOS aJoseph, John aNestorians and Their Muslim Neighborsb South of Western Influences on Their aNew JersybPrinceston University Pressc1961 a281p aincludes index and biblioraphy2 aBibliography, Index aIslam-Relations Christianity aNestorian Church1 aJoseph, John